Geography tile select (#1) - Statistics

General Stats
  • This quiz has been taken 110 times
  • The average score is 44 of 60
Answer Stats
Question Tile Select % Correct
the US states Jura No
99%
the US states Saxony No
99%
the US states Sonora No
99%
the counties of England Penang No
98%
the US states Idaho Yes
97%
the US states Panama No
97%
the US states Wyoming Yes
96%
the counties of England Boston No
95%
the US states Buffalo No
95%
the US states Rhode Island Yes
95%
the counties of England Capel No
94%
the islands in the Caribbean Sea Honshu No
94%
the counties of England Kent Yes
93%
the US states Ontario No
93%
the US states Delaware Yes
92%
the US states Omaha No
92%
the islands in the Caribbean Sea Elba No
90%
the US states Puerto Rico No
89%
the islands in the Caribbean Sea Santorini No
89%
the islands in the Caribbean Sea Tenerife No
89%
the counties of England Little Whinging No
88%
the cantons of Switzerland Maui No
87%
the cantons of Switzerland Da Nang No
81%
the counties of England Dorset Yes
81%
the counties of England Grant No
81%
the islands in the Caribbean Sea Hispaniola Yes
81%
the provinces of Thailand Bali No
80%
the counties of England Durham Yes
77%
the provinces of Thailand Quezon No
76%
the islands in the Caribbean Sea Tristan da Cunha No
76%
the cantons of Switzerland Otago No
75%
the islands in the Caribbean Sea Saint Martin Yes
75%
the counties of England Uxbridge No
73%
the provinces of Thailand Powys No
72%
the provinces of Thailand Sukhothai Yes
70%
the provinces of Thailand Vanua Levu No
70%
the islands in the Caribbean Sea Curaçao Yes
69%
the islands in the Caribbean Sea Príncipe No
69%
the cantons of Switzerland Bergamo No
68%
the cantons of Switzerland Kexholm No
68%
the provinces of Thailand Henan No
64%
the cantons of Switzerland Imperia No
64%
the cantons of Switzerland Schaffhausen Yes
63%
the provinces of Thailand Yunnan No
63%
the counties of England Oxbridge No
60%
the islands in the Caribbean Sea Nevis Yes
59%
the islands in the Caribbean Sea Little Cayman Yes
58%
the islands in the Caribbean Sea Montserrat Yes
57%
the cantons of Switzerland Tyrol No
57%
the counties of England Cumbria Yes
56%
the provinces of Thailand Hiva Oa No
52%
the cantons of Switzerland Zug Yes
50%
the provinces of Thailand Selangor No
48%
the cantons of Switzerland Ticino Yes
44%
the counties of England Rutland Yes
43%
the provinces of Thailand Roi Et Yes
40%
the cantons of Switzerland Uri Yes
38%
the provinces of Thailand Satun Yes
37%
the cantons of Switzerland Jura Yes
34%
the provinces of Thailand Yala Yes
31%
No matching quizzes found
Score Distribution
Percent of People with Each Score
Percentile by Number Answered
Your Score History
You have not taken this quiz